000 00723nam a2200253Ia 4500
003 OSt
005 20220928105557.0
006 a|||||r|||| 00| 0
007 ta
008 220927b |||||||| |||| 00| 0 hin d
020 _cIndian Rupees 900
024 _a143482
037 _bGift, 18/09/2020,
_cTextual
040 _aSDCL
_cSDCL
_bhin
041 _2hin
_ahin
082 _aV1N4'N9, Q9
100 _aSinha Dilip
_9415854
245 0 _aShakti ki manyata
_b Sanyukt rashtra suraksha parishad
260 _aNew Delhi
_bPrabhat Prakashan
_c2019
300 _a368p.
_ccm.
650 _aGift
_9391569
942 _hV1N4'N9, Q9
_cTEXL
_2CC
999 _c731752
_d731752